000 00372nam a2200157Ia 4500
003 OSt
008 191201s2010 xx 000 0 und d
082 _a658.15
_bSIF
100 _aSINHA,Pradeep Kumar
245 0 _aFinancial Management Tool and Techniques
250 _a1st
260 _aNew Delhi
_bExcel Books
_c2010
300 _a855
650 _aMBA
942 _2ddc
_cBK
999 _c4763
_d4763